A szakigazgatási kirendeltségek szervezete és feladatai
Elmentve itt :
| Szerző: | |
|---|---|
| További közreműködők: | |
| Dokumentumtípus: | Szakdolgozat |
| Megjelent: |
1980
|
| Tárgyszavak: | |
| Online Access: | http://diploma.bibl.u-szeged.hu/20060 |
| LEADER | 00596nta a2200157 i 4500 | ||
|---|---|---|---|
| 001 | dipl20060 | ||
| 005 | 20130314075829.0 | ||
| 008 | 111220s1980 hu om 0|| zxx d | ||
| 040 | |a SZTE Diploma Repozitórium |b hun | ||
| 041 | |a zxx | ||
| 100 | 2 | |a Borbélyné Horváth Katalin | |
| 245 | 1 | 2 | |a A szakigazgatási kirendeltségek szervezete és feladatai |h [elektronikus dokumentum] / |c Katalin Borbélyné Horváth |
| 260 | |c 1980 | ||
| 650 | 4 | |a Jogi és igazgatási tanulmányok | |
| 700 | 1 | |a nincs megadva |e ths | |
| 856 | 4 | 0 | |u http://diploma.bibl.u-szeged.hu/id/eprint/20060/1/1980_horvath_katalin.pdf |z Dokumentum-elérés |